[Event "Berlin Eckbauer op 16th"]
[Site "Berlin"]
[Date "2013.11.18"]
[Round "7"]
[White "Habedank, Detlef"]
[Black "Wozniak, Konrad"]
[Result "1/2-1/2"]
[WhiteElo "2005"]
[BlackElo "1621"]
[PlyCount "81"]
[EventDate "2013.10.07"]
[EventType "swiss"]
[EventRounds "7"]
[EventCountry "GER"]
[SourceTitle "EXT 2022"]
[Source "ChessBase"]
[SourceDate "2021.10.06"]
[SourceVersion "1"]
[SourceVersionDate "2021.10.06"]
[SourceQuality "1"]

1. Nf3 Nf6 2. b3 g6 3. Bb2 Bg7 4. e3 0-0 5. Be2 e6 6. d3 d5 7. Nbd2 Nbd7 8. 0-0 b6 9. c4 c5 10. Qc2 Bb7 11. Rfe1 Rc8 12. Rad1 Re8 13. Nf1 Qc7 14. Ng3 Qb8 15. Nd2 Qa8 16. Bf3 Nb8 17. a3 Na6 18. Qb1 Nb8 19. b4 Nbd7 20. b5 Rcd8 21. Qc2 dxc4 22. dxc4 Bxf3 23. Nxf3 Qb8 24. Qb1 Ng4 25. Bxg7 Kxg7 26. Qb2+ Kg8 27. Ne4 f5 28. Nd6 Rf8 29. Rd2 Nde5 30. Nxe5 Rxd6 31. Nxg4 fxg4 32. Rxd6 Qxd6 33. Qe2 h5 34. Rd1 Qe7 35. Qc2 Kh7 36. Qe4 Rd8 37. Rd3 Qf6 38. h3 Qa1+ 39. Kh2 Rxd3 40. Qxd3 Qe5+ 41. g3 1/2-1/2

[Event "Berlin Eckbauer op 16th"]
[Site "Berlin"]
[Date "2013.11.11"]
[Round "6"]
[White "Roeckendorf, Uwe"]
[Black "Habedank, Detlef"]
[Result "0-1"]
[WhiteElo "1530"]
[BlackElo "2005"]
[PlyCount "54"]
[EventDate "2013.10.07"]
[EventType "swiss"]
[EventRounds "7"]
[EventCountry "GER"]
[SourceTitle "EXT 2022"]
[Source "ChessBase"]
[SourceDate "2021.10.06"]
[SourceVersion "1"]
[SourceVersionDate "2021.10.06"]
[SourceQuality "1"]

1. e4 d6 2. f4 c6 3. Nf3 Bg4 4. d4 Nf6 5. e5 dxe5 6. fxe5 Nd5 7. Be2 e6 8. 0-0 Be7 9. Nc3 Nxc3 10. bxc3 Nd7 11. a4 Rb8 12. Ba3 0-0 13. Bxe7 Qxe7 14. Nd2 Bxe2 15. Qxe2 Nb6 16. Ne4 Nd5 17. Qd2 f5 18. Nd6 f4 19. c4 Ne3 20. Rf3 g5 21. Qd3 g4 22. Rf2 Qh4 23. g3 fxg3 24. Qxe3 gxf2+ 25. Kg2 Rf3 26. Qe2 Qh3+ 27. Kh1 f1Q+ 0-1

[Event "Berlin Eckbauer op 16th"]
[Site "Berlin"]
[Date "2013.11.04"]
[Round "5"]
[White "Habedank, Detlef"]
[Black "Eichhoff, Matthias"]
[Result "1-0"]
[WhiteElo "2005"]
[BlackElo "1634"]
[PlyCount "63"]
[EventDate "2013.10.07"]
[EventType "swiss"]
[EventRounds "7"]
[EventCountry "GER"]
[SourceTitle "EXT 2022"]
[Source "ChessBase"]
[SourceDate "2021.10.06"]
[SourceVersion "1"]
[SourceVersionDate "2021.10.06"]
[SourceQuality "1"]

1. Nf3 Nf6 2. b3 e6 3. Bb2 c5 4. e3 Be7 5. Be2 b6 6. d3 Bb7 7. Nbd2 0-0 8. c4 d6 9. Qc2 Nbd7 10. 0-0 Qc7 11. Ne1 d5 12. f4 Bd6 13. Bf3 e5 14. g3 Rae8 15. cxd5 exf4 16. exf4 Nxd5 17. Ng2 Ne3 18. Nxe3 Rxe3 19. Bxb7 Qxb7 20. Ne4 Qd5 21. Rad1 Re8 22. Bc1 Qd4 23. Bxe3 Qxe3+ 24. Qf2 Qxf2+ 25. Kxf2 Bc7 26. Rfe1 f5 27. Ng5 Rxe1 28. Rxe1 Nf6 29. Re7 Bd8 30. Rxa7 Ng4+ 31. Kg1 Bxg5 32. fxg5 1-0

[Event "Berlin-ch Seniors op 28th"]
[Site "Berlin"]
[Date "2012.01.28"]
[Round "2.8"]
[White "Albrecht, Rainer"]
[Black "Habedank, Detlef"]
[Result "1/2-1/2"]
[WhiteElo "2023"]
[BlackElo "1762"]
[PlyCount "45"]
[EventDate "2012.01.27"]
[EventType "swiss"]
[EventRounds "9"]
[EventCountry "GER"]
[SourceTitle "EXT 2022"]
[Source "ChessBase"]
[SourceDate "2021.10.06"]
[SourceVersion "1"]
[SourceVersionDate "2021.10.06"]
[SourceQuality "1"]

1. d4 Nf6 2. c4 d6 3. Nc3 c6 4. e4 Qa5 5. Bd3 e5 6. Nge2 Be7 7. 0-0 Nbd7 8. Rb1 Qc7 9. d5 a6 10. h3 0-0 11. Be3 c5 12. a3 Re8 13. Qd2 Nf8 14. f4 exf4 15. Nxf4 N6d7 16. Kh2 Ne5 17. Rf2 Nfg6 18. Nh5 Bh4 19. g3 Qd7 20. Rf5 Nxd3 21. Qxd3 Qe7 22. Rf2 Qd7 23. Qf1 1/2-1/2

[Event "Berlin-ch Seniors op 27th"]
[Site "Berlin"]
[Date "2011.02.06"]
[Round "9"]
[White "Dombrowsky, Michael"]
[Black "Habedank, Detlef"]
[Result "1-0"]
[WhiteElo "2000"]
[BlackElo "1813"]
[PlyCount "49"]
[EventDate "2011.01.29"]
[EventType "swiss"]
[EventRounds "9"]
[EventCountry "GER"]
[SourceTitle "EXT 2012"]
[Source "ChessBase"]
[SourceDate "2011.11.24"]
[SourceVersion "1"]
[SourceVersionDate "2011.11.24"]
[SourceQuality "1"]

1. e4 d6 2. d4 Nf6 3. Nc3 c6 4. f4 Qa5 5. e5 dxe5 6. dxe5 Ne4 7. Qf3 Nxc3 8. Bd2 e6 9. Bxc3 Bb4 10. Ne2 Nd7 11. 0-0-0 Nb6 12. a3 Bxc3 13. Nxc3 Nd5 14. Ne4 0-0 15. Bd3 b5 16. Qh5 f5 17. exf6 g6 18. Qe5 b4 19. axb4 Qxb4 20. h4 Qb8 21. h5 Nxf4 22. Qg5 Kf7 23. hxg6+ hxg6 24. Rh7+ Ke8 25. Re7+ 1-0

[Event "GER-ch Seniors 22nd"]
[Site "Berlin"]
[Date "2010.08.24"]
[Round "9"]
[White "Swoboda, Peter"]
[Black "Habedank, Detlef"]
[Result "1-0"]
[WhiteElo "1946"]
[BlackElo "1788"]
[PlyCount "69"]
[EventDate "2010.08.16"]
[EventType "swiss"]
[EventRounds "9"]
[EventCountry "GER"]
[SourceTitle "CBM 138 Extra"]
[Source "ChessBase"]
[SourceDate "2010.10.29"]
[SourceVersion "1"]
[SourceVersionDate "2010.10.29"]
[SourceQuality "1"]

1. d4 Nf6 2. c4 d6 3. Nc3 Nbd7 4. e4 e5 5. Nge2 c6 6. Ng3 Qc7 7. Be2 g6 8. 0-0 Bg7 9. d5 0-0 10. dxc6 bxc6 11. Be3 Rd8 12. Qc1 Nf8 13. b3 Ne6 14. Bd3 Nd7 15. Nge2 Bb7 16. b4 a6 17. a4 Nd4 18. Rb1 Rab8 19. Qa3 a5 20. b5 Nc5 21. Rbd1 cxb5 22. Nxd4 Nxd3 23. Ndxb5 Qxc4 24. Nxd6 Qa6 25. Nxb7 Rxb7 26. Nd5 Rxd5 27. exd5 e4 28. Rb1 Bb2 29. Qa2 Qf6 30. Qc4 Rb4 31. Qc2 Qa6 32. Bd2 Rc4 33. Qb3 Qc8 34. d6 Rd4 35. Rxb2 1-0

[Event "Berlin-ch Seniors op 26th"]
[Site "Berlin"]
[Date "2010.02.17"]
[Round "9"]
[White "Wolf, Manfred"]
[Black "Habedank, Detlef"]
[Result "1/2-1/2"]
[WhiteElo "1974"]
[BlackElo "1795"]
[PlyCount "110"]
[EventDate "2010.02.09"]
[EventType "swiss"]
[EventRounds "9"]
[EventCountry "GER"]
[SourceTitle "EXT 2012"]
[Source "ChessBase"]
[SourceDate "2011.11.24"]
[SourceVersion "1"]
[SourceVersionDate "2011.11.24"]
[SourceQuality "1"]

1. Nf3 Nf6 2. c4 d6 3. b4 c6 4. Nc3 Nbd7 5. e3 e5 6. Be2 Be7 7. 0-0 Qc7 8. d4 Nf8 9. Bb2 Ng6 10. a4 0-0 11. Qb3 b6 12. a5 Bd7 13. b5 Rfb8 14. axb6 axb6 15. bxc6 Bxc6 16. Nb5 Bxb5 17. cxb5 e4 18. Nd2 Qb7 19. Rfc1 Rxa1 20. Rxa1 d5 21. Nb1 Rc8 22. Nc3 Bd6 23. g3 Ne7 24. Ra4 h6 25. Kg2 Rb8 26. Qa2 Qc7 27. Ra7 Rb7 28. Rxb7 Qxb7 29. Bd1 Bb4 30. Bb3 Ba5 31. Bd1 Nf5 32. Na4 Qc7 33. Qb3 Nd6 34. Bc3 Bxc3 35. Qxc3 Nxb5 36. Qxc7 Nxc7 37. Nxb6 Kf8 38. Nc8 g6 39. Ba4 Ng8 40. f3 f5 41. fxe4 fxe4 42. h4 Ne7 43. Nd6 Kg7 44. g4 Kf6 45. Ne8+ Nxe8 46. Bxe8 g5 47. h5 Ke6 48. Kf2 Ng8 49. Ba4 Kd6 50. Ke1 Nf6 51. Bd1 Kc6 52. Kd2 Kb5 53. Kc3 Nd7 54. Kb3 Nf6 55. Be2+ Ka5 1/2-1/2

[Event "Berlin-ch Seniors op 26th"]
[Site "Berlin"]
[Date "2010.02.16"]
[Round "8"]
[White "Habedank, Detlef"]
[Black "Kornath, Heinrich"]
[Result "1-0"]
[WhiteElo "1795"]
[BlackElo "1854"]
[PlyCount "75"]
[EventDate "2010.02.09"]
[EventType "swiss"]
[EventRounds "9"]
[EventCountry "GER"]
[SourceTitle "EXT 2012"]
[Source "ChessBase"]
[SourceDate "2011.11.24"]
[SourceVersion "1"]
[SourceVersionDate "2011.11.24"]
[SourceQuality "1"]

1. e4 c5 2. d3 d6 3. c3 Nf6 4. Be2 g6 5. Nf3 Bg4 6. Nbd2 Bg7 7. Qc2 Nc6 8. Nf1 e6 9. Ng3 Rc8 10. Bf4 Bxf3 11. Bxf3 0-0 12. 0-0 d5 13. exd5 Nxd5 14. Bxd5 Qxd5 15. a3 e5 16. Be3 b6 17. Rad1 f5 18. f4 Rfd8 19. Ne2 Qe6 20. Rfe1 Bh6 21. Qc1 Rd7 22. fxe5 Bxe3+ 23. Qxe3 Qxe5 24. Qf2 Rcd8 25. Nf4 Qb8 26. Re3 Ne5 27. h3 Nc4 28. Re2 Re8 29. Rxe8+ Qxe8 30. Re1 Ne5 31. d4 cxd4 32. cxd4 Rxd4 33. Qxd4 Nf3+ 34. gxf3 Qxe1+ 35. Kg2 Qe7 36. Qd5+ Kg7 37. Qd8 Qe5 38. Qd4 1-0

[Event "Berlin-ch Seniors op 26th"]
[Site "Berlin"]
[Date "2010.02.15"]
[Round "7"]
[White "Voigt, Udo"]
[Black "Habedank, Detlef"]
[Result "0-1"]
[WhiteElo "1650"]
[BlackElo "1795"]
[PlyCount "96"]
[EventDate "2010.02.09"]
[EventType "swiss"]
[EventRounds "9"]
[EventCountry "GER"]
[SourceTitle "EXT 2012"]
[Source "ChessBase"]
[SourceDate "2011.11.24"]
[SourceVersion "1"]
[SourceVersionDate "2011.11.24"]
[SourceQuality "1"]

1. d4 Nf6 2. c4 d6 3. Nc3 c6 4. Nf3 Qc7 5. Bf4 Nh5 6. Bg3 Nd7 7. e3 Nxg3 8. hxg3 Nf6 9. Be2 e5 10. Qc2 g6 11. Rd1 Bd7 12. a3 exd4 13. Nxd4 Be7 14. Ne4 Ng4 15. Qc3 0-0-0 16. Bf3 Ne5 17. Be2 f5 18. Nd2 Bf6 19. Qb3 a6 20. Rc1 c5 21. N4f3 Nc6 22. Qc2 Kb8 23. Rb1 Ka7 24. b4 Ne5 25. 0-0 b6 26. Rfd1 h5 27. bxc5 bxc5 28. Nxe5 Bxe5 29. Bf3 Bc6 30. Bd5 Bf6 31. a4 Rb8 32. Rxb8 Rxb8 33. Rb1 Rb4 34. Rxb4 cxb4 35. e4 Bxd5 36. exd5 Bc3 37. c5 Qxc5 38. Nb1 Qxd5 39. Nxc3 Qc5 40. Qe2 bxc3 41. Qe7+ Kb6 42. a5+ Kxa5 43. Qd8+ Qb6 44. Qc8 Kb4 45. Kf1 a5 46. Ke1 a4 47. Qe6 Qc5 48. Qa2 Qc4 0-1

[Event "Berlin-ch Seniors op 26th"]
[Site "Berlin"]
[Date "2010.02.14"]
[Round "6"]
[White "Shapiro, Yosip"]
[Black "Habedank, Detlef"]
[Result "1-0"]
[WhiteElo "2003"]
[BlackElo "1795"]
[PlyCount "75"]
[EventDate "2010.02.09"]
[EventType "swiss"]
[EventRounds "9"]
[EventCountry "GER"]
[SourceTitle "EXT 2012"]
[Source "ChessBase"]
[SourceDate "2011.11.24"]
[SourceVersion "1"]
[SourceVersionDate "2011.11.24"]
[SourceQuality "1"]

1. Nf3 Nf6 2. c4 d6 3. d4 c6 4. Nc3 Qc7 5. e4 e5 6. g3 Be7 7. Bg2 Nbd7 8. 0-0 Nf8 9. h3 Ng6 10. Be3 Bd7 11. Kh2 0-0 12. Rc1 a6 13. b4 exd4 14. Nxd4 Ne5 15. Nce2 Rad8 16. Qb3 c5 17. Nf5 Bxf5 18. exf5 b6 19. f4 Nc6 20. a3 Rfe8 21. g4 Bf8 22. Ng3 cxb4 23. axb4 Nxb4 24. g5 Nd7 25. Bf2 a5 26. Qf3 Nc5 27. Rfd1 Re7 28. h4 Rde8 29. Rd4 a4 30. Rcd1 Rd7 31. h5 Nb3 32. h6 Nxd4 33. Bxd4 Nc2 34. hxg7 Bxg7 35. Bxg7 Ne3 36. f6 Nxg2 37. Nf5 h6 38. Nxh6+ 1-0

[Event "Berlin-ch Seniors op 26th"]
[Site "Berlin"]
[Date "2010.02.12"]
[Round "4"]
[White "Glatthor, Thomas"]
[Black "Habedank, Detlef"]
[Result "1-0"]
[WhiteElo "1963"]
[BlackElo "1795"]
[PlyCount "133"]
[EventDate "2010.02.09"]
[EventType "swiss"]
[EventRounds "9"]
[EventCountry "GER"]
[SourceTitle "EXT 2012"]
[Source "ChessBase"]
[SourceDate "2011.11.24"]
[SourceVersion "1"]
[SourceVersionDate "2011.11.24"]
[SourceQuality "1"]

1. e4 d6 2. d4 Nf6 3. Nc3 c6 4. Nf3 Qa5 5. Bd3 e5 6. 0-0 Be7 7. h3 Nbd7 8. Ne2 Nf8 9. c3 Ng6 10. Ng3 0-0 11. Be3 Qc7 12. Qd2 Re8 13. Nh2 d5 14. dxe5 Nxe5 15. exd5 Nxd3 16. Qxd3 Nxd5 17. Nf3 Nxe3 18. Qxe3 Be6 19. Nd4 Bf6 20. Rfe1 Bd7 21. Ne4 Be5 22. Qd3 Rad8 23. Rad1 Bxd4 24. cxd4 h6 25. Re3 f5 26. Nc5 Rxe3 27. Qxe3 Re8 28. Qb3+ Kf8 29. Qxb7 Qxb7 30. Nxb7 Rb8 31. Nc5 Ke7 32. b3 Kd6 33. Nxd7 Kxd7 34. Kf1 Rb5 35. Ke2 Rd5 36. Kd3 c5 37. Kc4 Kc6 38. a3 a5 39. Rd3 g5 40. dxc5 Rxc5+ 41. Kd4 Rd5+ 42. Ke3 Re5+ 43. Kf3 h5 44. Re3 Rb5 45. h4 f4 46. Rc3+ Kd6 47. hxg5 Rxg5 48. Rc4 Rb5 49. b4 Rd5 50. Kxf4 Rd2 51. Ke3 Ra2 52. Rc3 axb4 53. axb4 Rb2 54. Rc4 Ke6 55. Rh4 Rb3+ 56. Kf4 Rxb4+ 57. Kg5 Rb5+ 58. Kg6 Rb2 59. Re4+ Kd5 60. Rf4 h4 61. Kg5 Ke5 62. Rf8 Rb4 63. f4+ Ke6 64. Kxh4 Ke7 65. Rf5 Ke6 66. g4 Rb1 67. Kg5 1-0

[Event "Berlin-ch Seniors op 26th"]
[Site "Berlin"]
[Date "2010.02.09"]
[Round "1"]
[White "Hoose, Hannelore"]
[Black "Habedank, Detlef"]
[Result "0-1"]
[WhiteElo "1504"]
[BlackElo "1795"]
[PlyCount "150"]
[EventDate "2010.02.09"]
[EventType "swiss"]
[EventRounds "9"]
[EventCountry "GER"]
[SourceTitle "EXT 2012"]
[Source "ChessBase"]
[SourceDate "2011.11.24"]
[SourceVersion "1"]
[SourceVersionDate "2011.11.24"]
[SourceQuality "1"]

1. e4 d6 2. d4 Nf6 3. Nc3 c6 4. e5 dxe5 5. dxe5 Qxd1+ 6. Nxd1 Nd5 7. c3 Bf5 8. Ne2 e6 9. Ne3 Bg6 10. f4 Nd7 11. Nxd5 cxd5 12. Be3 Bc5 13. Bd4 Rc8 14. h4 Bd3 15. Bxc5 Nxc5 16. Nd4 Bxf1 17. Kxf1 a6 18. Rh3 Ne4 19. Ke2 g6 20. g4 Ke7 21. Rf1 h5 22. g5 Rc4 23. Rd1 Rhc8 24. Rhd3 Ra4 25. a3 Nc5 26. R3d2 Rc4 27. Kf3 b5 28. Re2 Nb7 29. Rdd2 Kd7 30. Rd3 Ra4 31. Rd1 Rcc4 32. Re3 Rc8 33. Rd2 Rac4 34. Rd1 R8c7 35. Rd2 Kc8 36. Rd1 Kb8 37. Rd2 Ka7 38. Nb3 a5 39. Rd4 a4 40. Rxc4 bxc4 41. Nd4 Ka6 42. Re2 Nc5 43. Rc2 Nd3 44. Re2 Kb6 45. Rc2 Ne1+ 46. Ke3 Nxc2+ 47. Nxc2 Kc5 48. Nb4 Ra7 49. Nc2 Rb7 50. Nb4 Rb6 51. Kf3 d4 52. Ke2 Rb7 53. Kd2 Rd7 54. cxd4+ Rxd4+ 55. Ke3 Rd1 56. Na6+ Kb6 57. Nb4 Kb5 58. Na2 Rd3+ 59. Ke2 Rb3 60. Nc3+ Ka5 61. Nd1 Rh3 62. Ne3 Kb5 63. Nd1 Rxh4 64. Nc3+ Ka5 65. Kf3 Rh3+ 66. Kg2 Rxc3 67. bxc3 Kb5 68. Kf3 Kc6 69. Ke4 Kc5 70. Kf3 Kd5 71. Ke3 h4 72. Kf3 h3 73. Kg3 Ke4 74. Kxh3 Kxf4 75. Kg2 Ke3 0-1